000 00681nam a2200217Ia 4500
003 GCL
008 140319s9999 xx 000 0 ara d
040 _aGCL /
_cGCL
082 0 4 _a956.902
_bا م
100 1 _aاحمد زكى الدجانى
245 1 0 _aمدينتنا يافا وثورة 1936 /
_cاحمد زكى الدجانى
260 _a[S.N] :
_bبرنت للطباعة ،
_c1989
300 _a217 ص
490 _aبطولات اسلامية
_v0
650 0 4 _aالعصر الحديث
650 0 4 _aتاريخ
650 0 4 _aفلسطين
650 0 4 _aهجرة اليهود الى فلسطين
650 0 4 _aالاحتلال البريطانى
942 _2ddc
_cBK
999 _c55378
_d55378